00484nam a22001697a 450000500170000000800040001702000290002104000140005008200160006410000600008024500250014025000180016526000450018330000400022849000270026852100190029520220614104456.0eng a9780195769999qpaperback ardac3228 aSWA KF MKHA aJABULILE MKHATSHWA [writer]aCOLETTE KEMP [illustrator] aITSINI IMINWE YAKHO? afirst edition aCape TownbOXFORD UNIVERSITY PRESSc2007 a8pages:bcolor illustrations;c21cm vlicophelo 1asiyakhula ajunior fiction